000 00741nam a2200241 a 4500
001 72849
003 BD-RjUL
005 20211209082321.0
008 170524s1986 enk||||| |||| 00| 0 eng d
020 _a0205084184
035 _a(BD-RjUL)73067
040 _aBD-RjUL
_beng
_cBD-RjUL
_dBD-RjUL
041 _aeng
082 _223
_a540
_bLAS 1986
100 1 0 _aLaposa, Joseph D
_9215474
245 1 0 _aStudy guide to accompany Gillespie, Humphreys, Baird, and Robinson Chemistry /
_cJoseph D Laposa; E A Robinson and N Colin Baird
260 _aLondon :
_bAllyn and Bacon,
_cc1986.
300 _a191 p. ;
_c23 cm.
650 _aChemistry
_9215475
700 _aRobinson, E A
_9130640
700 _aBaird, N Colin
_9215476
942 _2ddc
_cBK
999 _c72849
_d72849